000 00803nac a22002177a 4500
001 BR8805370
003 BR-BrBNA
005 20240105120834.0
008 230509b bl.|||m| |||| 00| 0 por d
040 _aBR-BrBNA
_bpor
_cBiblioteca Nacional de Agricultura
072 _aC10
090 _aC10 BR8805370
110 1 _aUniversidade Rural do Estado de Minas Gerais, Vicosa (Brasil). Diretoria Geral de Extensao
_911283
245 1 _aConsideracoes sobre a estrutura logica do artigo cientifico
260 3 _aVicosa, MG (Brasil):
_c1965.
300 _a13 p.
490 _aSerie Divulgacao. Boletim - Universidade Rural do Estado de Minas Gerais. Diretoria Geral de Extensao (Brazil)
_vno. 8
_x
650 _aENSINO SUPERIOR
909 _a202312
_bLúcia Elande
_c55
_dLúcia Elande
942 _2AGRIS
_n0
_cMS
999 _c281720
_d281720